| 000 | 00713nam a2200229Ia 4500 | ||
|---|---|---|---|
| 003 | OSt | ||
| 005 | 20241122111059.0 | ||
| 008 | 210716s2005 xx 000 0 und d | ||
| 020 | _a8178815281 | ||
| 040 | _cAIMIT LIBRARY | ||
| 041 | _aeng | ||
| 082 |
_a001.0726583 _21 _bRAMV |
||
| 245 |
_aEmployee rewards and recognition : _bIntroduction / _cEdited by V V Ramani., ed. |
||
| 250 | _a1st ed. | ||
| 260 |
_aHyderabad : _bICFAI University Press , _c2005. |
||
| 300 |
_a191p. ; _bPB _c23.9 cm |
||
| 650 |
_aEmployee reward and recognition systems _9186031 |
||
| 650 |
_aMotivation and rewards _9186032 |
||
| 650 |
_aCases _9186033 |
||
| 700 |
_aRamani, V V., ed. _9186034 |
||
| 942 |
_2ddc _cBK _e1st _k001.0726583 |
||
| 999 |
_c199669 _d199669 |
||